The Canterbury tales

Saved in:
Bibliographic Details
Main Author: CHAUCER, Geoffrey
Format: Book
Language:English
Published: Oxford University Press 1986.
Tags: Add Tag
No Tags, Be the first to tag this record!

MARC

LEADER 00000nam a22000007a 4500
008 210506b ||||| |||| 00| 0 eng d
020 |a 0-19-283360-X 
100 |a CHAUCER, Geoffrey 
245 |a The Canterbury tales  |c Geoffrey Chaucer  |e (Oxford World’s Classic)  |g xxvii, 482p 
260 |b Oxford University Press  |c 1986.  |h  Oxford  |i 693763  |l PR1866 .C38  |m Chaucer, Geoffrey, 1400 – Manuscripts.  |m Christian pilgrims and pilgrimages – Poetry  |m Storytelling – Poetry  |m Tales, Medieval  |m Canterbury (England) – Poetry 
942 |a lcc  |c BK  |e Adekanye, I. H.  |f 06/05/2021 
952 |0 0  |1 0  |2 lcc  |4 0  |6 PR1866 C38  |7 0  |9 2393  |a HOL  |b HOL  |c LP  |d 2021-05-06  |l 0  |o PR1866 .C38  |p 2021-6244  |r 2021-05-06 00:00:00  |w 2021-05-06  |y BK 
999 |c 1239  |d 1239